Statistics for Los Angeles Lakers Top 10 Leaders Playoffs

Click here to take the quiz!

General Stats

  • This quiz has been taken 605 times
    (42 since last reset)
  • The average score is 14 of 22

Answer Stats

Answer% Correct
Kobe Bryant
98%
Shaquille O'Neal
95%
Magic Johnson
93%
Jerry West
90%
LeBron James
90%
Kareem Abdul-Jabbar
88%
Anthony Davis
85%
James Worthy
85%
Wilt Chamberlain
80%
Derek Fisher
78%
Elgin Baylor
78%
Pau Gasol
73%
George Mikan
63%
Lamar Odom
53%
Byron Scott
48%
Michael Cooper
48%
Robert Horry
48%
Andrew Bynum
40%
A.C. Green
38%
Jamaal Wilkes
20%
Norm Nixon
20%
Elden Campbell
8%

Score Distribution

Percentile by Number Answered

Percent of People with Each Score

Your Score History

You have not taken this quiz since the last reset